[Event "Frankfurt Ch A 2018"]
[Site "Ffm-Höchst, BiKuZ"]
[Date "2018.06.04"]
[Round "5.45"]
[White "Klikic, Drazen"]
[Black "Senatov, Boris"]
[Result "0-1"]
[WhiteElo "1476"]
[BlackElo "1667"]
[PlyCount "54"]
[EventDate "2018.??.??"]
[WhiteTeam "SC Nied"]
[BlackTeam "SC Heusenstamm"]

1. e4 c5 2. Nf3 d6 3. d4 cxd4 4. Nxd4 Nf6 5. f3 e5 6. Nb5 a6 7. N5a3 Be6 8. c4
Nbd7 9. Nc3 Be7 10. Be2 Qb6 11. Nc2 Rc8 12. b3 Qc7 13. Ne3 b5 14. Ncd5 Bxd5 15.
cxd5 g6 16. O-O O-O 17. Bb2 Nh5 18. g3 Qb6 19. Qd3 Nc5 20. Qd2 Bg5 21. Kf2 f5
22. Ke1 fxe4 23. f4 exf4 24. Qd4 Bf6 25. Qb4 fxe3 26. Bxh5 Nd3+ 27. Ke2 Rc2+
0-1

[Event "Frankfurt Ch A 2018"]
[Site "Ffm-Höchst, BiKuZ"]
[Date "2018.06.04"]
[Round "5.46"]
[White "Björknes, Uwe"]
[Black "Wich, Manuela"]
[Result "1/2-1/2"]
[WhiteElo "1616"]
[BlackElo "1469"]
[PlyCount "29"]
[EventDate "2018.??.??"]
[WhiteTeam "SK Bad Homburg"]
[BlackTeam "Niederräder TG"]

1. f4 d5 2. Nf3 Nf6 3. e3 e6 4. d4 Be7 5. c3 Nbd7 6. Be2 O-O 7. O-O c5 8. Nbd2
c4 9. Ne5 b5 10. Ndf3 Ne4 11. Bd2 Bb7 12. Nxd7 Qxd7 13. Ne5 Qc7 14. Bf3 f5 15.
Be1 1/2-1/2

[Event "Frankfurt Ch A 2018"]
[Site "Ffm-Höchst, BiKuZ"]
[Date "2018.06.04"]
[Round "5.47"]
[White "Nutolo, Dominique"]
[Black "Hagel, Stephan"]
[Result "0-1"]
[WhiteElo "1139"]
[BlackElo "1548"]
[PlyCount "38"]
[EventDate "2018.??.??"]
[WhiteTeam "SF Frankfurt"]
[BlackTeam "SK Hungen"]

1. e4 c5 2. c3 Nf6 3. e5 Nd5 4. Nf3 e6 5. d4 Nc6 6. Bc4 Nb6 7. Bb3 cxd4 8. cxd4
d5 9. Nc3 Be7 10. Be3 O-O 11. O-O Na5 12. Re1 Bd7 13. a3 Rc8 14. Rc1 Nbc4 15.
Bxc4 Nxc4 16. Re2 Qa5 17. Nd2 Nxb2 18. Qb3 Qa6 19. Ree1 Nd3 0-1

[Event "Frankfurt Ch A 2018"]
[Site "Ffm-Höchst, BiKuZ"]
[Date "2018.06.04"]
[Round "5.48"]
[White "Bär, Christian"]
[Black "Manasek, Martin"]
[Result "1-0"]
[WhiteElo "1544"]
[BlackElo "1457"]
[PlyCount "77"]
[EventDate "2018.??.??"]
[WhiteTeam "SC Steinbach"]
[BlackTeam "Bad Vilbeler Sfr"]

1. d4 d5 2. c4 c6 3. e3 Nf6 4. Nc3 g6 5. h3 Bg7 6. Nf3 O-O 7. cxd5 cxd5 8. Bd3
Nc6 9. O-O Re8 10. a3 e5 11. dxe5 Nxe5 12. Nxe5 Rxe5 13. b4 b6 14. Bb2 Bb7 15.
Nb5 Re8 16. Rc1 Rc8 17. Rxc8 Qxc8 18. Nd6 Qd7 19. Nxe8 Qxe8 20. Qc2 Ne4 21.
Bxg7 Kxg7 22. Bxe4 dxe4 23. Qc7 Ba6 24. Rc1 Qa4 25. Qxa7 Qxa3 26. Rc7 Qa1+ 27.
Kh2 Qe5+ 28. g3 Bc4 29. Rxc4 Qb2 30. Kg2 Qe2 31. Rc1 h5 32. Qxb6 h4 33. Qd4+
Kh7 34. Qxe4 hxg3 35. Qh4+ Kg7 36. Qxg3 Qd2 37. Qe5+ f6 38. Rc7+ Kh6 39. Qf4+
1-0

[Event "Frankfurt Ch A 2018"]
[Site "Ffm-Höchst, BiKuZ"]
[Date "2018.06.04"]
[Round "5.50"]
[White "Both, Günter"]
[Black "Bernhardt, Winfried"]
[Result "1-0"]
[WhiteElo "1523"]
[BlackElo "1463"]
[PlyCount "127"]
[EventDate "2018.??.??"]
[WhiteTeam "SK Bischofsheim"]
[BlackTeam "SV Nauheim"]

1. e4 e5 2. Nf3 d6 3. d4 exd4 4. Nxd4 Nf6 5. Nc3 Be7 6. Be2 O-O 7. O-O a6 8.
Be3 c5 9. Nf3 Nc6 10. a3 b5 11. Nd2 d5 12. exd5 Nxd5 13. Nxd5 Qxd5 14. c4 bxc4
15. Bxc4 Qe5 16. Qf3 Bd7 17. Bd5 Rac8 18. Bf4 Qxb2 19. Nc4 Qf6 20. Nb6 Nd4 21.
Qe3 Nf5 22. Nxd7 Nxe3 23. Nxf6+ Bxf6 24. Bxe3 Bxa1 25. Rxa1 c4 26. Rc1 c3 27.
Bb7 Rc7 28. Bxa6 Ra8 29. Bb6 Rxa6 30. Bxc7 Rxa3 31. Be5 f6 32. Bxc3 Kf7 33. f4
Ke6 34. g4 Kd5 35. Bb4 Ra4 36. Bd2 Ke4 37. h3 Kd3 38. Be1 Rxf4 39. Bg3 Rf3 40.
Kg2 Re3 41. Rd1+ Ke4 42. Rd7 f5 43. Re7+ Kd3 44. Rd7+ Ke4 45. gxf5 Kxf5 46.
Rxg7 h5 47. Bh4 Re5 48. Kf3 Ke6 49. Re7+ Kf5 50. Rxe5+ Kxe5 51. Bd8 Kf5 52. Kg3
Kg6 53. Kf4 Kh6 54. Kf5 h4 55. Bxh4 Kh5 56. Bg3 Kh6 57. Kg4 Kg6 58. h4 Kh6 59.
Bf4+ Kh7 60. Kg5 Kg7 61. Be5+ Kh7 62. h5 Kg8 63. Kg6 Kf8 64. h6 1-0

[Event "Frankfurt Ch A 2018"]
[Site "Ffm-Höchst, BiKuZ"]
[Date "2018.06.04"]
[Round "5.51"]
[White "Markulic, Petar"]
[Black "Ketting, Douwe"]
[Result "1/2-1/2"]
[WhiteElo "1502"]
[BlackElo "1387"]
[PlyCount "49"]
[EventDate "2018.??.??"]
[WhiteTeam "SF Frankfurt"]
[BlackTeam "SC Somborn"]

1. e4 Nf6 2. Nc3 d5 3. e5 d4 4. exf6 dxc3 5. fxg7 cxd2+ 6. Bxd2 Bxg7 7. c3 Bf5
8. Bc4 O-O 9. Qb3 Qc8 10. Nf3 Nc6 11. O-O Na5 12. Qb4 Nxc4 13. Qxc4 Rd8 14.
Rfe1 Be6 15. Qh4 f6 16. Bh6 Qd7 17. Nd4 Bf7 18. Bxg7 Kxg7 19. h3 e5 20. Nf3 Qf5
21. Nh2 Rd2 22. g4 Qf4 23. Re3 Bd5 24. Rae1 Rd8 25. Qg3 1/2-1/2

[Event "Frankfurt Ch A 2018"]
[Site "Ffm-Höchst, BiKuZ"]
[Date "2018.06.04"]
[Round "5.53"]
[White "Lemonidis, Christos"]
[Black "Mongi, Mario"]
[Result "1-0"]
[WhiteElo "1739"]
[BlackElo "1357"]
[PlyCount "62"]
[EventDate "2018.??.??"]
[WhiteTeam "SC Nied"]
[BlackTeam "SC Sulzbach"]

1. e4 c5 2. d3 Nc6 3. Nd2 g6 4. f4 Bg7 5. Ngf3 b5 6. Be2 Nh6 7. h3 a5 8. O-O a4
9. a3 O-O 10. g4 d5 11. Kg2 Qd7 12. Ng1 dxe4 13. dxe4 Nd4 14. g5 Nxe2 15. Qxe2
Bd4 16. gxh6 Bxg1 17. Kxg1 Qxh3 18. Qh2 Qe3+ 19. Qf2 Qh3 20. f5 Ra6 21. Qg2
Qe3+ 22. Rf2 Qxh6 23. Nf3 Qg7 24. Nh4 Qd4 25. Bh6 Qxb2 26. Raf1 Rd8 27. fxg6
hxg6 28. Rxf7 Qd4+ 29. Qf2 Qxf2+ 30. R1xf2 Bh3 31. Rg7+ Kh8 1-0

[Event "Frankfurt Ch A 2018"]
[Site "Ffm-Höchst, BiKuZ"]
[Date "2018.06.04"]
[Round "5.54"]
[White "Zeyen, Helmut"]
[Black "Hedrich, Gerd"]
[Result "1-0"]
[WhiteElo "1730"]
[BlackElo "1284"]
[PlyCount "81"]
[EventDate "2018.??.??"]
[WhiteTeam "Wiesbadener SV"]
[BlackTeam "Wiesbadener SV"]

1. e4 c6 2. d4 d5 3. Be3 dxe4 4. f3 exf3 5. Nxf3 Bf5 6. Bc4 Nf6 7. O-O e6 8.
Nc3 Nbd7 9. Ng5 Bg4 10. Qe1 Be7 11. h3 Bh5 12. Bxe6 O-O 13. Bf5 h6 14. Nf3 Qc7
15. Qd2 Bg6 16. Bxg6 fxg6 17. Rae1 Rf7 18. Bf4 Qd8 19. Qd3 Nf8 20. Ne5 g5 21.
Nxf7 Kxf7 22. Qc4+ Kg6 23. Qd3+ Kf7 24. Be5 Ng6 25. Qc4+ Kf8 26. Ne4 b5 27. Qe6
Nf4 28. Bxf4 gxf4 29. c3 g5 30. Nxf6 Bxf6 31. Qxc6 Rb8 32. Re6 Rb6 33. Qc5+ Be7
34. Qf5+ Bf6 35. Rxb6 Qxb6 36. Re1 Kf7 37. Qd7+ Kg6 38. Re6 Qb8 39. Re8 Qb6 40.
Rg8+ Kh5 41. Qg4# 1-0

[Event "Frankfurt Ch A 2018"]
[Site "Ffm-Höchst, BiKuZ"]
[Date "2018.06.04"]
[Round "5.55"]
[White "Schneider, Till"]
[Black "Friedel, Thomas"]
[Result "0-1"]
[WhiteElo "1371"]
[BlackElo "1496"]
[PlyCount "62"]
[EventDate "2018.??.??"]
[WhiteTeam "SC Nied"]
[BlackTeam "SV Groß-Gerau"]

1. e4 e5 2. Nf3 Nc6 3. d4 exd4 4. Bc4 Nf6 5. O-O d5 6. exd5 Nxd5 7. c3 Be7 8.
Qb3 Na5 9. Qb5+ c6 10. Qa4 Nxc4 11. Qxc4 dxc3 12. bxc3 O-O 13. Ba3 Bxa3 14.
Nxa3 Be6 15. Nd4 Re8 16. Nxe6 Rxe6 17. Rad1 Qa5 18. Nb1 Rae8 19. Rd2 Re4 20.
Qd3 Qc5 21. h3 Nf4 22. Qd7 R4e7 23. Qg4 Ne2+ 24. Kh1 Nxc3 25. Rc2 Re1 26. Rxe1
Rxe1+ 27. Kh2 Qd6+ 28. g3 Rxb1 29. Rxc3 g6 30. Rc2 Qd5 31. f3 Qd1 0-1

[Event "Frankfurt Ch A 2018"]
[Site "Ffm-Höchst, BiKuZ"]
[Date "2018.06.04"]
[Round "5.56"]
[White "Stulken, Dietmar"]
[Black "Gade, Bernt"]
[Result "0-1"]
[WhiteElo "1328"]
[BlackElo "1495"]
[PlyCount "124"]
[EventDate "2018.??.??"]
[WhiteTeam "SF Frankfurt"]
[BlackTeam "FV Berkersheim"]

1. d4 d5 2. c4 dxc4 3. Nf3 Nf6 4. Nc3 a6 5. e4 e6 6. Bxc4 Bb4 7. Qc2 b5 8. Bd3
Bb7 9. O-O h6 10. a3 Bxc3 11. bxc3 Nbd7 12. Qe2 c5 13. e5 Nd5 14. Bd2 O-O 15.
Qe4 f5 16. exf6 N7xf6 17. Qxe6+ Kh8 18. Ne5 Ne7 19. Nf7+ Rxf7 20. Qxf7 Bd5 21.
Qxf6 gxf6 22. Bxh6 Qg8 23. f3 Bc4 24. Rfe1 Bxd3 25. Rxe7 Qg6 26. Bg7+ Kg8 27.
Rae1 Bc4 28. R1e4 f5 29. Rh4 Qxg7 30. Rxg7+ Kxg7 31. dxc5 Rc8 32. Rd4 Rxc5 33.
Rd7+ Bf7 34. Ra7 Rc6 35. Kf2 Kf6 36. Ke3 Rxc3+ 37. Kf4 Rxa3 38. Rd7 Ra4+ 39.
Ke3 b4 40. Rd6+ Be6 41. g4 fxg4 42. fxg4 Ke5 43. Rd4 Ra3+ 44. Rd3 Rxd3+ 45.
Kxd3 b3 46. Kc3 a5 47. g5 a4 48. Kb2 Kf5 49. h4 Kg6 50. Ka3 Kh5 51. Kb2 Kxh4
52. g6 Kg5 53. g7 Kg6 54. Ka3 Kxg7 55. Kb2 Kf6 56. Ka3 Ke5 57. Kb2 Kd4 58. Ka3
Kc4 59. Kb2 Kb4 60. Ka1 Kc3 61. Kb1 a3 62. Ka1 b2+ 0-1

[Event "Frankfurt Ch B 2018"]
[Site "Ffm-Höchst, BiKuZ"]
[Date "2018.06.04"]
[Round "5.1"]
[White "Krehl, Collin"]
[Black "Arnold, Aaron"]
[Result "1/2-1/2"]
[WhiteElo "1462"]
[BlackElo "1339"]
[PlyCount "69"]
[EventDate "2018.??.??"]
[WhiteTeam "SV Kelsterbach"]
[BlackTeam "SC Frankfurt-West"]

1. c4 b6 2. Nc3 Bb7 3. f4 e6 4. Nf3 Nf6 5. g3 d5 6. cxd5 Nxd5 7. Bg2 Nxc3 8.
bxc3 Nd7 9. O-O Be7 10. Qc2 Rc8 11. Bb2 O-O 12. e4 Nc5 13. Nd4 Ba6 14. Nc6 Qe8
15. Nxe7+ Qxe7 16. c4 Nd7 17. Qc3 Qc5+ 18. Kh1 f6 19. Ba3 Qxc4 20. Qxc4 Bxc4
21. Rfc1 Ba6 22. Bxf8 Kxf8 23. Rc6 Nc5 24. Bh3 Bb7 25. Bxe6 Re8 26. Rxc5 Bxe4+
27. Kg1 bxc5 28. f5 Rb8 29. Rc1 Rb1 30. Rxb1 Bxb1 31. Kf2 Ke7 32. Ke3 Kd6 33.
Kf4 h5 34. h4 Bc2 35. Bc4 1/2-1/2

[Event "Frankfurt Ch B 2018"]
[Site "Ffm-Höchst, BiKuZ"]
[Date "2018.06.04"]
[Round "5.5"]
[White "Nebel, Marcel"]
[Black "Dröser, Wolfgang"]
[Result "1-0"]
[WhiteElo "1254"]
[BlackElo "1260"]
[PlyCount "81"]
[EventDate "2018.??.??"]
[WhiteTeam "FV Berkersheim"]
[BlackTeam "SC Sulzbach"]

1. d4 g6 2. e4 d6 3. Nf3 Bg7 4. c4 Nd7 5. Nc3 c5 6. Be3 a6 7. Be2 b6 8. O-O Bb7
9. Qc2 e5 10. dxc5 bxc5 11. Rad1 Qc7 12. Nd5 Bxd5 13. Rxd5 Ne7 14. Rd2 Nc8 15.
Rfd1 a5 16. Ng5 h6 17. Nf3 Bf6 18. g3 g5 19. Ne1 h5 20. Rd3 Be7 21. Qc1 Qd8 22.
R1d2 Qb6 23. Bd1 a4 24. b4 axb3 25. Bxb3 Qc6 26. f3 Ndb6 27. Rb2 f6 28. Bf2 Kf7
29. Nc2 Qe8 30. Ne3 Qg8 31. Nf5 Bf8 32. Qd1 Ke6 33. a4 g4 34. Be1 Ra7 35. a5
Na8 36. Re3 gxf3 37. Qd5+ Kd7 38. Ba4+ Kd8 39. Qc6 Qxc4 40. Qe8+ Kc7 41. Qd7#
1-0

[Event "Frankfurt Ch B 2018"]
[Site "Ffm-Höchst, BiKuZ"]
[Date "2018.06.04"]
[Round "5.7"]
[White "Goodwin, David"]
[Black "Brunner, Andreas"]
[Result "1-0"]
[WhiteElo "1371"]
[BlackElo "1387"]
[PlyCount "78"]
[EventDate "2018.??.??"]
[WhiteTeam "SV Kelsterbach"]
[BlackTeam "FV Berkersheim"]

1. Nf3 d5 2. g3 c6 3. Bg2 Bg4 4. O-O e6 5. d3 Bd6 6. Nbd2 Ne7 7. c4 O-O 8. a3
Nd7 9. b4 Qb6 10. c5 Nxc5 11. bxc5 Bxc5 12. Rb1 Qc7 13. d4 Bd6 14. Bb2 Rab8 15.
Ne5 Bh5 16. Qe1 c5 17. Rc1 b6 18. Nef3 c4 19. e4 Qc6 20. e5 Bc7 21. Nh4 b5 22.
Qe3 Bd8 23. h3 a5 24. g4 Bg6 25. a4 b4 26. Nxc4 dxc4 27. Bxc6 Nxc6 28. Rxc4 Na7
29. Nxg6 hxg6 30. f4 Bb6 31. Qf3 f6 32. Kg2 f5 33. gxf5 gxf5 34. Kh2 Nc8 35. d5
Ne7 36. dxe6 Rfe8 37. Bd4 Bxd4 38. Rxd4 b3 39. Rb1 b2 1-0

[Event "Frankfurt Ch B 2018"]
[Site "Ffm-Höchst, BiKuZ"]
[Date "2018.06.04"]
[Round "5.8"]
[White "Klein, Simon"]
[Black "Brand, Achim"]
[Result "1-0"]
[WhiteElo "1232"]
[BlackElo "1343"]
[PlyCount "111"]
[EventDate "2018.??.??"]
[WhiteTeam "SK Hungen"]
[BlackTeam "SVG Echzell"]

1. d4 g6 2. Bf4 Bg7 3. Nf3 d6 4. e4 Nf6 5. Nc3 O-O 6. Qd2 b6 7. Bh6 Nh5 8. Bxg7
Kxg7 9. d5 e5 10. h3 f5 11. O-O-O Nf6 12. Bd3 f4 13. g3 fxg3 14. fxg3 Nxd5 15.
exd5 Rxf3 16. g4 Qh4 17. Qg2 Qf2 18. Qxf2 Rxf2 19. Ne4 Rf4 20. Rhf1 Ba6 21.
Rxf4 Bxd3 22. Rxd3 exf4 23. Ng5 Na6 24. Ne6+ Kf6 25. Nxf4 Ke5 26. Ne6 c5 27. c4
Nb4 28. Re3+ Kf6 29. a3 Na6 30. Kd2 g5 31. Kd3 Rb8 32. Rf3+ Ke7 33. h4 gxh4 34.
Ke4 b5 35. b3 bxc4 36. bxc4 Rb1 37. Ng5 Re1+ 38. Kd3 h6 39. Nf7 h3 40. Rxh3
Kxf7 41. Rxh6 Ra1 42. Rxd6 Rxa3+ 43. Ke4 Nb4 44. Rd7+ Ke8 45. Rc7 Nd3 46. g5
Nf2+ 47. Ke5 Ra4 48. g6 Rxc4 49. g7 Rg4 50. Rc8+ Kf7 51. Rc7+ Kg8 52. d6 Nd3+
53. Kf6 Rf4+ 54. Kg5 Rd4 55. d7 Rd5+ 56. Kg6 1-0

[Event "Frankfurt Ch B 2018"]
[Site "Ffm-Höchst, BiKuZ"]
[Date "2018.06.04"]
[Round "5.9"]
[White "Winter, Thomas"]
[Black "Peschk, Kathrin"]
[Result "0-1"]
[WhiteElo "1345"]
[BlackElo "1234"]
[PlyCount "70"]
[EventDate "2018.??.??"]
[WhiteTeam "SV Oberursel"]
[BlackTeam "SV Groß-Gerau"]

1. e4 d5 2. exd5 Nf6 3. Bb5+ Bd7 4. Bc4 c6 5. Nc3 cxd5 6. Nxd5 e6 7. Nxf6+ Qxf6
8. Nf3 Nc6 9. c3 Bd6 10. O-O O-O 11. d4 Qd8 12. Qc2 Be7 13. Bd3 f5 14. Re1 Bf6
15. Bf4 g5 16. Bd2 g4 17. Ne5 Nxe5 18. dxe5 Bg5 19. Rf1 Kh8 20. f4 Be7 21. b4
h5 22. Bc4 h4 23. Rad1 Qb6+ 24. Kh1 h3 25. Be1 Bc6 26. Rd2 Rad8 27. Re2 hxg2+
28. Rxg2 Bxg2+ 29. Kxg2 Qc6+ 30. Kg3 Qxc4 31. Rh1 Qd3+ 32. Qxd3 Rxd3+ 33. Kg2
Kg7 34. Kf2 Rfd8 35. Rg1 Bh4+ 0-1

[Event "Frankfurt Ch B 2018"]
[Site "Ffm-Höchst, BiKuZ"]
[Date "2018.06.04"]
[Round "5.10"]
[White "Landvoigt, Martin"]
[Black "Pessotschinski, Eduard"]
[Result "0-1"]
[WhiteElo "1218"]
[BlackElo "1312"]
[PlyCount "132"]
[EventDate "2018.??.??"]
[WhiteTeam "SF Friedberg"]
[BlackTeam "TuS Makkabi"]

1. f4 e6 2. Nf3 Nc6 3. e3 Nf6 4. c4 d5 5. cxd5 Nxd5 6. a3 g6 7. Nc3 Bg7 8. Bb5
Bd7 9. O-O O-O 10. Nxd5 exd5 11. Rb1 a6 12. Bd3 Bg4 13. Be2 Ne7 14. Ne5 Bf5 15.
d3 Nc6 16. Nxc6 bxc6 17. b4 Rb8 18. Bb2 Qe7 19. Qd2 Rfe8 20. Rf3 Bg4 21. Rg3
Bxe2 22. Qxe2 d4 23. e4 f5 24. e5 c5 25. Qc2 cxb4 26. Bxd4 bxa3 27. Bc5 Rxb1+
28. Qxb1 Qxc5+ 29. Kf1 Qb5 30. Qa2+ Kh8 31. Qxa3 Qb1+ 32. Kf2 Qb6+ 33. Ke2 Rb8
34. Re3 Qb2+ 35. Qxb2 Rxb2+ 36. Kf3 Kg8 37. d4 Kf7 38. d5 Rd2 39. Rc3 Rxd5 40.
Rxc7+ Kg8 41. Ra7 a5 42. g3 Kf8 43. e6 h5 44. h4 Bf6 45. Rf7+ Ke8 46. Rxf6 Rd6
47. Rxg6 a4 48. Rg8+ Ke7 49. Ra8 Rd3+ 50. Ke2 Ra3 51. Ra6 Ra2+ 52. Kf3 a3 53.
Ke3 Ra1 54. Kd2 a2 55. Kc2 Rg1 56. Rxa2 Rg2+ 57. Kb1 Rxa2 58. Kxa2 Kxe6 59. Kb3
Kd5 60. Kc3 Ke4 61. Kc4 Kf3 62. Kd4 Kxg3 63. Ke5 Kg4 64. Kf6 Kxf4 65. Kg6 Kg4
66. Kf6 f4 0-1

[Event "Frankfurt Ch B 2018"]
[Site "Ffm-Höchst, BiKuZ"]
[Date "2018.06.04"]
[Round "5.11"]
[White "Falk, Aniko Tim"]
[Black "Wundram, Till"]
[Result "1-0"]
[WhiteElo "1293"]
[BlackElo "917"]
[PlyCount "93"]
[EventDate "2018.??.??"]
[WhiteTeam "SK Hungen"]
[BlackTeam "vereinslos"]

1. e4 d6 2. Nf3 e6 3. d4 g6 4. c4 b6 5. Nc3 Bg7 6. Bf4 Ne7 7. e5 d5 8. Be2 Bb7
9. O-O Nd7 10. b4 a6 11. a4 c5 12. bxc5 bxc5 13. cxd5 Nxd5 14. Nxd5 Bxd5 15.
Bg5 f6 16. exf6 Nxf6 17. dxc5 h6 18. Bh4 g5 19. Bg3 Qa5 20. Qd4 O-O 21. Be5
Rad8 22. Qc3 Qxc3 23. Bxc3 g4 24. Nd2 h5 25. Bxa6 Rf7 26. Rac1 Bh6 27. Rc2 Ne4
28. Nxe4 Bxe4 29. Re2 Bd5 30. Bb5 h4 31. Bd2 Bg7 32. Bg5 Bf6 33. Bxf6 Rxf6 34.
Rd2 Rdf8 35. Rd4 h3 36. Rxg4+ Kf7 37. g3 Bg2 38. Rd1 Bd5 39. f4 Rf5 40. c6 Bf3
41. Rd7+ Kf6 42. Rh4 Rh5 43. Rxh5 Bxh5 44. c7 Rc8 45. Ba6 Be8 46. Bxc8 Bxd7 47.
Bxd7 1-0

[Event "Frankfurt Ch B 2018"]
[Site "Ffm-Höchst, BiKuZ"]
[Date "2018.06.04"]
[Round "5.12"]
[White "Barth, Horst"]
[Black "Giebitz, Walter"]
[Result "0-1"]
[WhiteElo "1168"]
[BlackElo "1270"]
[PlyCount "48"]
[EventDate "2018.??.??"]
[WhiteTeam "SF Mainz"]
[BlackTeam "SC Steinbach"]

1. e4 e5 2. Nf3 Nc6 3. Bb5 Bc5 4. c3 Nge7 5. O-O O-O 6. Bxc6 Nxc6 7. d3 d6 8.
Bg5 Qd7 9. Nbd2 f5 10. Re1 h6 11. Be3 Bb6 12. Nf1 Qf7 13. Qb3 Be6 14. Qa4 fxe4
15. dxe4 Bg4 16. Qd1 Bxf3 17. Qxf3 Qxf3 18. gxf3 Rxf3 19. Kg2 Raf8 20. Bxb6
axb6 21. Re2 Ne7 22. Nd2 R3f6 23. f3 Ng6 24. Rf1 Nf4+ 0-1

[Event "Frankfurt Ch B 2018"]
[Site "Ffm-Höchst, BiKuZ"]
[Date "2018.06.04"]
[Round "5.14"]
[White "Fredershausen, Kurt"]
[Black "Grünzig, Matthias"]
[Result "0-1"]
[WhiteElo "1089"]
[BlackElo "1347"]
[PlyCount "118"]
[EventDate "2018.??.??"]
[WhiteTeam "SC Bad Soden"]
[BlackTeam "FV Berkersheim"]

1. e4 e5 2. Nf3 Nc6 3. Nc3 Nf6 4. Bb5 d6 5. Bxc6+ bxc6 6. d4 exd4 7. Nxd4 Bb7
8. Nde2 Be7 9. Ng3 O-O 10. O-O Re8 11. Re1 Qd7 12. h3 Rab8 13. Nf5 g6 14. Ng3
Bc8 15. b3 Bf8 16. Rb1 Bg7 17. Bb2 Re6 18. f3 Ne8 19. Nce2 Bxb2 20. Rxb2 d5 21.
c4 dxc4 22. Qxd7 Bxd7 23. Rbb1 cxb3 24. axb3 Rd6 25. e5 Rd3 26. Nc1 Rd5 27. Rb2
Be6 28. Nf1 Rbd8 29. Ree2 Rd1 30. Rbd2 R1xd2 31. Rxd2 Rd5 32. Rxd5 cxd5 33. b4
Bd7 34. Nb3 Bb5 35. Ne3 c6 36. Kf2 Nc7 37. Ng4 h5 38. Nc5 hxg4 39. hxg4 Kf8 40.
Ke3 Ke7 41. f4 Ne6 42. Nd3 Bxd3 43. Kxd3 Nxf4+ 44. Kd4 Nxg2 45. Kc5 Kd7 46. g5
Ne1 47. b5 cxb5 48. Kxb5 Ke6 49. Kc6 d4 50. Kc7 d3 51. Kd8 d2 52. Ke8 d1=Q 53.
Kf8 Qd8+ 54. Kg7 Qxg5 55. Kh7 Qxe5 56. Kg8 f5 57. Kf8 Qf6+ 58. Kg8 Qe7 59. Kh8
Kf6 0-1

[Event "Frankfurt Ch B 2018"]
[Site "Ffm-Höchst, BiKuZ"]
[Date "2018.06.04"]
[Round "5.16"]
[White "Czinkota, Michael"]
[Black "Häfner, Günther"]
[Result "1-0"]
[WhiteElo "1233"]
[BlackElo "1100"]
[PlyCount "83"]
[EventDate "2018.??.??"]
[WhiteTeam "SC Bad Soden"]
[BlackTeam "FV Berkersheim"]

1. e4 d5 2. exd5 Qxd5 3. Nc3 Qa5 4. d4 c6 5. Bd2 Bf5 6. Nf3 Qc7 7. a3 Nf6 8.
Bc4 e6 9. O-O Nbd7 10. Re1 O-O-O 11. Ne2 Nb6 12. Bf4 Bd6 13. Bxd6 Rxd6 14. Bd3
Bxd3 15. Qxd3 Rhd8 16. c3 h6 17. a4 g5 18. a5 Nbd5 19. a6 b6 20. c4 Nf4 21.
Nxf4 gxf4 22. Qc3 Nd7 23. b4 c5 24. dxc5 bxc5 25. b5 Nb6 26. Reb1 Rd3 27. Qc2
e5 28. Rc1 f6 29. Ne1 R3d6 30. Ra3 Qf7 31. Nf3 Qd7 32. h3 Rd1+ 33. Kh2 e4 34.
Rxd1 Qxd1 35. Qxe4 Qd7 36. Rd3 Qc7 37. Qb7+ Qxb7 38. axb7+ Kb8 39. Rxd8+ Kxb7
40. Rd6 Nxc4 41. Rxf6 h5 42. Rxf4 1-0

[Event "Frankfurt Ch B 2018"]
[Site "Ffm-Höchst, BiKuZ"]
[Date "2018.06.04"]
[Round "5.18"]
[White "von Borstel, Torben"]
[Black "Lassek, Bjarne"]
[Result "0-1"]
[WhiteElo "1151"]
[BlackElo "912"]
[PlyCount "66"]
[EventDate "2018.??.??"]
[WhiteTeam "Hildesheimer SV"]
[BlackTeam "SC Nied"]

1. c4 e5 2. g3 c6 3. Bg2 d5 4. b3 Nf6 5. Nc3 Bc5 6. Nf3 d4 7. Na4 Qd6 8. d3 e4
9. dxe4 Nxe4 10. Bf4 Bb4+ 11. Kf1 Qd8 12. Qxd4 Qxd4 13. Nxd4 c5 14. Bxe4 cxd4
15. Be5 O-O 16. Bxd4 Bh3+ 17. Bg2 Bxg2+ 18. Kxg2 Nc6 19. Rad1 Rfd8 20. Bc3 a6
21. Bxb4 Nxb4 22. Nb6 Rxd1 23. Rxd1 Re8 24. a3 Nc2 25. a4 g6 26. e3 Kg7 27. Rd7
Ne1+ 28. Kf1 Nf3 29. h4 Re6 30. Rxb7 Nd2+ 31. Ke2 Nxb3 32. Nd5 Nc5 33. a5 Nxb7
0-1

[Event "Frankfurt Ch B 2018"]
[Site "Ffm-Höchst, BiKuZ"]
[Date "2018.06.04"]
[Round "5.21"]
[White "Schäfer, Dieter"]
[Black "Czinkota, Thomas"]
[Result "1/2-1/2"]
[WhiteElo "1283"]
[BlackElo "799"]
[PlyCount "72"]
[EventDate "2018.??.??"]
[WhiteTeam "SV Ffm-Griesheim"]
[BlackTeam "SC Bad Soden"]

1. d4 d5 2. c4 Nc6 3. Nc3 e5 4. cxd5 Nxd4 5. e4 f5 6. Nf3 Qd6 7. Nxd4 exd4 8.
Qxd4 Qc5 9. Be3 Qxd4 10. Bxd4 Nf6 11. Bxf6 gxf6 12. a3 fxe4 13. Bb5+ Bd7 14.
Bxd7+ Kxd7 15. O-O f5 16. Rad1 Bg7 17. Na4 b6 18. Rfe1 Rad8 19. Re3 Kc8 20. Nc3
Rd6 21. Nb5 Rd7 22. Nxa7+ Kb7 23. Nc6 Bxb2 24. Rb3 Bg7 25. f3 Re8 26. fxe4 fxe4
27. Na5+ Ka6 28. Nc4 b5 29. Ne3 c6 30. dxc6 Rxd1+ 31. Nxd1 Kb6 32. Kf2 Kxc6 33.
Nc3 Bd4+ 34. Ke2 Re5 35. Kd2 Bg1 36. h3 Bh2 1/2-1/2

[Event "Frankfurt Ch A 2018"]
[Site "Ffm-Höchst, BiKuZ"]
[Date "2018.06.11"]
[Round "6.1"]
[White "Milov, Leonid"]
[Black "Karsay, Pascal"]
[Result "1/2-1/2"]
[WhiteElo "2428"]
[BlackElo "2174"]
[PlyCount "70"]
[EventDate "2018.??.??"]
[WhiteTeam "SC Noris-Tarrasch Nürnberg"]
[BlackTeam "SK Gau-Algesheim"]

1. f4 d5 2. Nf3 c5 3. e3 g6 4. Bb5+ Bd7 5. Bxd7+ Nxd7 6. O-O Bg7 7. d3 e6 8. e4
Ne7 9. Nc3 a6 10. Qe1 d4 11. Nd1 f5 12. a4 b6 13. Bd2 Nf6 14. Nf2 O-O 15. c3
dxc3 16. Bxc3 Qc7 17. Ng5 Qd7 18. exf5 exf5 19. Qe6+ Qxe6 20. Nxe6 Rfc8 21. a5
b5 22. Rac1 Ned5 23. Be5 Bf8 24. Nxf8 Kxf8 25. Nh3 Nd7 26. Rfe1 Kg8 27. Ng5 Re8
28. g3 h6 29. Nf3 Re6 30. b3 Rae8 31. d4 cxd4 32. Nxd4 Nxe5 33. fxe5 Rxe5 34.
Rxe5 Rxe5 35. Rc6 Re4 1/2-1/2

[Event "Frankfurt Ch A 2018"]
[Site "Ffm-Höchst, BiKuZ"]
[Date "2018.06.11"]
[Round "6.2"]
[White "Poetsch, Hagen"]
[Black "Tobon, Sebastian"]
[Result "1-0"]
[WhiteElo "2505"]
[BlackElo "1800"]
[PlyCount "127"]
[EventDate "2018.??.??"]
[WhiteTeam "SC Heusenstamm"]
[BlackTeam "SC Heusenstamm"]

1. e4 c6 2. Nc3 e5 3. Nf3 d6 4. d4 Nd7 5. Bc4 Be7 6. a4 h6 7. O-O Ngf6 8. Ba2
Qc7 9. Nh4 g6 10. Be3 Nf8 11. h3 g5 12. Nf5 Bxf5 13. exf5 d5 14. dxe5 Qxe5 15.
Qd3 N8d7 16. f4 Qd6 17. Rae1 Rg8 18. Bd4 gxf4 19. Qe2 Kf8 20. Qf3 Rg3 21. Qxf4
Qxf4 22. Rxf4 Bd6 23. Rff1 Bc5 24. Ne2 Bxd4+ 25. Nxd4 Ne4 26. Kh2 Ndf6 27. Rf4
Nh5 28. Rh4 Nef6 29. c4 Rd3 30. Nf3 Re8 31. Rxe8+ Kxe8 32. cxd5 cxd5 33. a5 b6
34. axb6 axb6 35. Ra4 Nd7 36. Ra8+ Ke7 37. Rh8 Ng7 38. Rh7 Kf8 39. Rxh6 Nxf5
40. Rh8+ Kg7 41. Rd8 Nf6 42. Bb1 Rb3 43. Bxf5 Rxb2 44. Rc8 Nh5 45. Rc2 Rb4 46.
g4 Nf6 47. Ne5 Ne8 48. Nd3 Ra4 49. Rc6 b5 50. Rb6 Ra3 51. Nf4 Nc7 52. Rb7 Rc3
53. g5 Rf3 54. Nh5+ Kf8 55. Bd7 Rc3 56. Bxb5 d4 57. Nf4 Ne6 58. Nxe6+ fxe6 59.
h4 d3 60. Rd7 Rc2+ 61. Kg3 d2 62. h5 Rc5 63. Be2 Rxg5+ 64. Kf2 $138 1-0

[Event "Frankfurt Ch A 2018"]
[Site "Ffm-Höchst, BiKuZ"]
[Date "2018.06.11"]
[Round "6.3"]
[White "Legde, Georg"]
[Black "Bagatsch, Thomas"]
[Result "1-0"]
[WhiteElo "2273"]
[BlackElo "1944"]
[PlyCount "85"]
[EventDate "2018.??.??"]
[WhiteTeam "Freibauer Mörlenbach"]
[BlackTeam "SC Brett vorm Kopp"]

1. d4 Nf6 2. Nf3 d5 3. c4 Bf5 4. cxd5 Bxb1 5. Rxb1 Qxd5 6. Qa4+ Nc6 7. e3 e6 8.
Bb5 Bd6 9. O-O O-O 10. Bd2 Ne7 11. Rbc1 c6 12. Bd3 a5 13. Qc2 Qh5 14. h3 g5 15.
Be2 g4 16. Ne5 Bxe5 17. dxe5 Qxe5 18. hxg4 Ned5 19. f4 Qc7 20. g5 Nd7 21. Rf3
Rfd8 22. Rh3 Nf8 23. Bd3 f5 24. gxf6 Nxf6 25. Bc3 Qe7 26. Kf2 Rd5 27. Rch1 Rad8
28. Rg3+ Kf7 29. Bxh7 Ke8 30. Bg6+ Kd7 31. Be4 Nxe4+ 32. Qxe4 Kc8 33. Rh6 Qd6
34. Rg7 Rd2+ 35. Kf3 Qd5 36. Qxd5 R2xd5 37. g4 a4 38. g5 b5 39. Ba5 Re8 40.
Rc7+ Kb8 41. Rf7 Rf5 42. Rxf5 exf5 43. g6 1-0